000 00719nam a2200217 4500
003 OSt
005 20240724072247.0
006 a
008 240724b |||||||| |||| 00| 0 eng d
020 _a9781845283865
040 _aDWCL-Main lib.
_cOC
082 _2Fourth edition
_aCirc. 160 B858 2010
100 _aBrink-Budgen, Roy van den
245 _aCritical thinking for students : learn the skills of analyzing, evaluating and producing arguments /
250 _aFourth edition
260 _aBegbroke, Oxford :
_bHow to books Ltd.,
_cc2010.
300 _avii,
_b118 p. ;
_c25 cm.
504 _aIncludes Index.
650 _a1. Critical Thinking - Textbooks.
942 _2ddc
_n0
_cBK-CIRC
_eFourth edition
_kCirc.
999 _c2674
_d2674